|
|
|
|
| LEADER |
00000nam a2200000 a 4500 |
| 001 |
vtls010667649 |
| 003 |
SK-MaSNL |
| 005 |
20260301175811.0 |
| 008 |
160430s2014 xo o g c 000 0 slo |
| 015 |
|
|
|a SNBE2015
|
| 020 |
|
|
|a 9788089340606 (brož.)
|
| 040 |
|
|
|a SNK
|b slo
|c SNK
|e AACR2
|
| 041 |
0 |
|
|a slo
|
| 043 |
|
|
|a e-xo---
|
| 044 |
|
|
|a xo
|c SK
|
| 072 |
|
7 |
|a 72/76
|x Výtvarné umenie
|2 konspekt
|
| 080 |
|
|
|a 72/76(4)
|2 2001
|
| 080 |
|
|
|a 582.091
|2 2001
|
| 080 |
|
|
|a 7.04
|2 2001
|
| 080 |
|
|
|a 72/76:069.5
|2 2001
|
| 080 |
|
|
|a (437.6)
|2 2001
|
| 080 |
|
|
|a (083.824)
|2 2001
|
| 100 |
1 |
|
|a Kiss-Szemán, Zsófia,
|d 1964-
|4 aut
|9 213176
|
| 245 |
1 |
0 |
|a Strom života
|b Galéria mesta Bratislavy, Mirbachov palác, prízemie a II. poschodie 20. jún-17. august 2014
|c Zsófia Kiss-Szemán
|
| 260 |
|
|
|a Bratislava
|b Galéria mesta Bratislavy
|c 2014
|
| 300 |
|
|
|a 95 s.
|b fotogr.
|c 27 cm
|
| 366 |
|
|
|e 300 výt.
|
| 500 |
|
|
|a Publikácia vychádza pri príležitosti rovnomennej výstavy
|
| 504 |
|
|
|a Bibliografické odkazy
|
| 648 |
|
7 |
|a 16.-21. stor.
|2 SNKPH
|9 333776
|
| 648 |
|
7 |
|a 16th-21st centuries
|2 SNKPHeng
|9 427136
|
| 650 |
0 |
7 |
|a európske výtvarné umenie
|2 SNKPH
|9 69361
|
| 650 |
0 |
7 |
|a stromy
|2 SNKPH
|9 16185
|
| 650 |
0 |
7 |
|a umelecké námety
|2 SNKPH
|9 2885
|
| 650 |
0 |
7 |
|a umelecké zbierky
|z Slovensko
|2 SNKPH
|9 303316
|
| 650 |
0 |
7 |
|a European art
|y 17th-19th centuries
|2 SNKPHeng
|9 317532
|
| 650 |
0 |
7 |
|a Trees
|2 SNKPHeng
|9 312052
|
| 650 |
0 |
7 |
|a Artistic themes
|2 SNKPHeng
|9 99790
|
| 650 |
0 |
7 |
|a Art collections
|z Slovakia
|2 SNKPHeng
|9 313278
|
| 655 |
|
7 |
|a katalógy výstav
|2 SNKPH
|9 70445
|
| 655 |
|
7 |
|a Exhibition catalogs
|2 SNKPHeng
|9 266232
|
| 919 |
|
|
|a 978-80-89340-60-6
|
| 999 |
|
|
|c 844039
|d 845969
|
| 952 |
|
|
|a SNK
|b SNK
|y PREZ
|7 0
|p 17A1155718
|o snkOSB 17944
|i snk2015/12793
|8 0
|0 0
|1 0
|4 0
|d 2015-04-16
|l 0
|r 2026-02-24 04:21:30
|w 2026-02-24
|
| 952 |
|
|
|a SNK
|b SNK
|y VYP
|7 0
|p 17A1155719
|o snkOSB 17944 D1
|i snk2015/12794
|8 0
|0 0
|1 0
|4 0
|d 2015-04-16
|l 0
|r 2026-02-24 04:21:30
|w 2026-02-24
|